| 000 | 00849nam a2200241 u 4500 | ||
|---|---|---|---|
| 005 | 20240509064307.0 | ||
| 008 | 090803s2006 r 000 0 eng d | ||
| 020 | _a9871305117 (10 dígitos) | ||
| 020 | _a9789871305117 (13 dígitos) | ||
| 035 | _aUPN01000171685 | ||
| 049 | _aCG | ||
| 050 | 4 |
_aZ678 _bG3.3 2006 |
|
| 100 | 1 |
_aGarcía Gómez, Francisco Javier, _d1971- |
|
| 245 | 1 | 0 |
_aDesarrollo y gestión de la colección local en la biblioteca pública / _cFrancisco Javier García Gómez, Antonio Díaz Grau. |
| 250 | _a2a ed. | ||
| 260 |
_aBuenos Aires : _bAlfagrama, _c2006. |
||
| 300 | _a426 p. | ||
| 440 | 0 | _aBiblioteca Alfagrama | |
| 650 | 4 |
_aBIBLIOTECAS PUBLICAS - _xDESARROLLO DE COLECCIONES _918314 |
|
| 650 | 4 |
_aBibliotecas públicas _xAdministración _93009 |
|
| 700 | 1 |
_aDíaz Grau, Antonio, _d1971- , _ecoaut. |
|
| 905 | _aLibro | ||
| 999 |
_c143790 _d143790 |
||